Breaking Bad Trivia #D - Statistics

General Stats
  • This quiz has been taken 171 times
  • The average score is 8 of 15
Answer Stats
Hint Answer % Correct
Jane is his __ Daughter
92%
Walt and Jesse get stranded in the __ once Desert
91%
Eladios status Don
76%
I AM THE DANGER!
75%
His pet a Dog
67%
DEA stands for: Drug Enforcement Agency
63%
Skyler wants this regarding Walt Divorce
50%
Krazy-8s real name Domingo
46%
Air conducter responsible for an plane crash Donald
42%
Walt doesnt like to swallow a lot of __ for the rest of his life Drugs
38%
Kid that gets shot by Todd Drew Sharp
33%
Jesses mom Diane
30%
Rival minor drug dealer who want to buymethylamine from Walt, Jesse and Mike Declan
25%
Popular dining location in Albuquerque Dog House
14%
Name of Walts doctor Dr. Delcavoli
12%
No matching quizzes found
Score Distribution
Percent of People with Each Score
Percentile by Number Answered
Your Score History
You have not taken this quiz